000 01135nam a2200313 a 4500
001 ebr2003802
003 CaPaEBR
006 m u
007 cr cn|||||||||
008 000403s1999 enk sb 001 0 eng
015 _aGB99-11690
016 7 _a1857286871
_2Uk
020 _z1857286871(cased)
020 _z185728688X(pbk.)
040 _aCaPaEBR
_cCaPaEBR
035 _a(OCoLC)179124760
050 1 4 _aD214
_b.W375 1999eb
082 0 4 _a355.0209
_221
245 0 0 _aWar in the early modern world
_h[electronic resource] /
_cedited by Jeremy Black.
260 _aLondon :
_bUCL Press,
_c1999.
300 _axi,268p.
504 _aIncludes bibliographies and index.
533 _aElectronic reproduction.
_bPalo Alto, Calif. :
_cebrary,
_d2013.
_nAvailable via World Wide Web.
_nAccess may be limited to ebrary affiliated libraries.
650 0 _aMilitary art and science
_xHistory.
655 7 _aElectronic books.
_2local
700 1 _aBlack, Jeremy.
710 2 _aebrary, Inc.
856 4 0 _uhttp://site.ebrary.com/lib/rucke/Doc?id=2003802
_zAn electronic book accessible through the World Wide Web; click to view
999 _c123623
_d123623